DOS RV V2 Exekutíva

Guardado en:
Detalles Bibliográficos
Formato: Libro
Lenguaje:eslovaco
Publicado: Bratislava Datasystém 1985
Edición:1. vyd.
Colección:Program. SMEP
Etiquetas: Agregar Etiqueta
Sin Etiquetas, Sea el primero en etiquetar este registro!

MARC

LEADER 00000nam a2200000 4500
001 c024773
005 20221220081723.7
041 0 |a slo 
044 |a SK 
245 1 0 |a DOS RV V2  |b Exekutíva 
250 |a 1. vyd. 
264 1 |a Bratislava  |b Datasystém  |c 1985 
300 |a 179 s. 
490 1 |a Program. SMEP 
830 0 |a Program. SMEP